000 01104cam a2200325 a 4500
001 34149
005 20230410103811.0
008 950912s1996 nyua b 001 0ceng
035 _9(DLC) 95041894
035 _a1617255
942 _2lcc
_cbk
010 _a 95041894
020 _a1563247593 (cloth : alk. paper)
020 _a1563247607 (pbk. : alk. paper)
040 _aDLC
_cDLC
_dDLC
043 _ae-ur-ru
050 1 4 _a338 DK 37.8
_bE55 1996
082 0 0 _a947/.046/0922
_aB
_220
245 0 4 _aThe emperors and empresses of Russia :
_brediscovering the Romanovs /
_cedited by Donald J. Raleigh, compiled by A.A. Iskenderov.
260 _aArmonk, N.Y. :
_bM.E. Sharpe,
_cc1996.
300 _axvii, 414 p. :
_bill. ;
_c24 cm.
440 0 _aThe New Russian history
504 _aIncludes bibliographical references and index.
600 3 0 _aRomanov, House of.
651 0 _aRussia
_xKings and rulers
_xBiography.
651 0 _aRussia
_xHistory
_y1613-1917.
700 1 _aRaleigh, Donald J.
700 1 _aIskenderov, Akhmed Akhmedovich.
920 _a** LC HAS REQ'D # OF SHELF COPIES **
999 _c26072
_d26072